000
00277nam a2200109Ia 4500
008
200302s9999 xx 000 0 und d
100
_a
Chris Van Uffelen
245
_a
The Book of Drawings+ Sketches Architecture
260
_b
Braun Publishing AG
260
_c
2014
300
_a
367
999
_c
3404
_d
3404